000 00609nam a22001937a 4500
999 _c191654
_d191654
005 20220831120821.0
010 _aUR-11690
020 _a9789391238933
_c250.00
035 _aU-10245
037 _bDBAD/PUB
_a-
082 _aن
100 _aیا سمین اختر
245 _aنصیب سے (ناولٹ) /
_cیا سمین اختر
_hا ر د و
246 _aNaseeb Se (Novlet) /
_bby Yasmeen Akhtar
260 _aNew Delhi
_bEducational Publishing House
_c2021 ء
270 _aH.O. D1/16, Ansari Road, Darya Ganj
_bNew Delhi
_e110002
300 _a116 ص
_c22cm(pbk)
942 _2ddc
_cUR
_hن
_mی ا س